Tìm hiểu hoạt động của gió phơn tây nam ở tỉnh Hà Tĩnh. Ảnh hưởng của nó đến thời tiết . khí hậu và sản xuất nông nghiệp của tỉnh

Cơ sở lý luận và thực tiễn của vấn đề cần nghiên cứu. Hoạt động của gió phơn tây nam và ảnh hưởng của nó đối với thời tiết, khí hậu tỉnh Hà Tĩnh. Ảnh hưởng của gió phơn tây nam đối với sản xuất nông nghiêp tỉnh Hả Tĩnh...

Volledige beschrijving

Bewaard in:
Bibliografische gegevens
Hoofdauteur: Lê, Thị Ngọc Hoa
Andere auteurs: Hồ Phong Th.S (Hướng dân)
Formaat: Boek
Taal:Vietnamese
Gepubliceerd in: Đại học Đà Nẵng ĐH Sư phạm 2009
Onderwerpen:
Tags: Voeg label toe
Geen labels, Wees de eerste die dit record labelt!
Thư viện lưu trữ: Mạng thư viện Đại học Đà Nẵng
LEADER 01649nam a2200361 4500
001 000011267
003 7504
005 20120203140217.0
008 120203s2009 viesd
041 |a vie 
072 |a Khóa luận tốt nghiệp 
082 |a 551.51  |b LE-H 
100 |a Lê, Thị Ngọc Hoa 
245 |a Tìm hiểu hoạt động của gió phơn tây nam ở tỉnh Hà Tĩnh. Ảnh hưởng của nó đến thời tiết . khí hậu và sản xuất nông nghiệp của tỉnh  |c Lê Thị Ngọc Hoa 
260 |a Đại học Đà Nẵng  |b ĐH Sư phạm  |c 2009 
300 |a 52 tr.  |c 29 cm 
500 |a Khóa luận tốt nghiệp khoa Địa Lý 
520 |a Cơ sở lý luận và thực tiễn của vấn đề cần nghiên cứu. Hoạt động của gió phơn tây nam và ảnh hưởng của nó đối với thời tiết, khí hậu tỉnh Hà Tĩnh. Ảnh hưởng của gió phơn tây nam đối với sản xuất nông nghiêp tỉnh Hả Tĩnh 
653 |a Tìm hiểu hoạt động 
653 |a Gió phơn tây nam 
653 |a Hà Tĩnh 
653 |a Ảnh hưởng 
700 |a Hồ Phong  |c Th.S  |e Hướng dân 
OWN |a LSP 
AVA |a UDN50  |b LSP  |d 551.51 LE-H  |e available  |t Error 5001 Not defined in file expand_doc_bib_avail.  |f 1  |g 0  |h N  |i 0  |k 1 
999 |a From the UDN01 
AVA |a UDN50  |b LSP  |d 551.51 LE-H  |e available  |t Error 5001 Not defined in file expand_doc_bib_avail.  |f 1  |g 0  |h N  |i 0  |k 1 
TYP |a Monograph 
TYP |a Printed language 
980 |a Mạng thư viện Đại học Đà Nẵng